000 00822nam a2200229 i 4500
001 105492
003 ES-MaACL
005 20230906183913.0
007 t|
008 060719s1958 fr ||||1| fre d
080 _a821.134.2.09"19"
245 0 3 _aLa littérature de l'Espagne.
260 _aParis :
_bLes Editeurs Français Réunis,
_c1958.
300 _a302 p., [12] p. de lám. ;
_c22 cm.
490 1 _aEurope : revue mensuelle ;
_vnº 345-346
500 _aNúmero monográfico de la revista: Europe : revue mensuelle, Paris, janv.-févr. 1958, nº 345-346.
500 _aBiblioteca Juan Andrade.
650 4 _aLiteratura española-
_yS.XX-
_xHistoria y crítica.
_9141686
830 0 _aEurope : revue mensuelle ;
_vnº 345-346
_9232735
852 _aES-MaACL
_jAND-283
_bR.109600
999 _c105492
_d105492